| 000 | 00425cam a2200181ua 4500 | ||
|---|---|---|---|
| 020 | _c8.00 | ||
| 041 |
_ahin _h |
||
| 082 |
_a891.54 _bYAN/AD |
||
| 100 | _aYanjdath, Sharma . | ||
| 245 |
_aAdarsh patra lekhan / _cYanjdath sharma. _hTextual Documents |
||
| 250 |
_a1 / _b. |
||
| 260 |
_a : _bAtmaram and Sons , _c1953. |
||
| 300 | _a559 ; . | ||
| 365 | _a8.00 | ||
| 504 | _a | ||
| 942 | _cBK | ||
| 999 |
_c8403 _d8403 |
||